NATO Alphabet Quiz - Statistics

General Stats
  • This quiz has been taken 17 times
  • The average score is 16 of 26
Answer Stats
Letter Answer % Correct
A Alpha
100%
C Charlie
93%
B Bravo
87%
F Foxtrot
87%
D Delta
80%
T Tango
73%
E Echo
67%
W Whiskey
67%
X X-Ray
67%
Z Zulu
67%
K Kilo
60%
L Lima
60%
Y Yankee
60%
G Golf
53%
P Papa
53%
R Romeo
53%
V Victor
53%
H Hotel
47%
I India
47%
J Juliet
47%
Q Quebec
47%
S Sierra
47%
U Uniform
47%
M Mike
40%
N November
40%
O Oscar
40%
No matching quizzes found
Score Distribution
Percent of People with Each Score
Percentile by Number Answered
Your Score History
You have not taken this quiz